Slovakia hockey squad 2023 - Statistics

General Stats
  • This quiz has been taken 7 times
  • The average score is 10 of 25
Answer Stats
Position Answer % Correct
Forward Pavol Regenda
83%
Goalkeeper Samuel Hlavaj
83%
Defence Simon Nemec
83%
Goalkeeper Stanislav Skorvanek
67%
Forward Libor Hudacek
50%
Forward Marek Hrivik
50%
Defence Mario Grman
50%
Forward Milos Kelemen
50%
Defence Mislav Rosandic
50%
Defence Patrik Koch
50%
Forward Robert Lantosi
50%
Forward Viliam Cacho
50%
Forward Andrej Kudrna
33%
Defence Frantisek Gajdos
33%
Forward Matus Sukel
33%
Defence Michal Ivan
33%
Forward Oliver Okuliar
33%
Forward Peter Cehlarik
33%
Defence Samuel Knazko
33%
Forward Alex Tamasi
17%
Goalkeeper Dominik Riecicky
17%
Forward Mario Lunter
17%
Forward Richard Panik
17%
Defence Adam Janosik
0%
Forward Martin Chromiak
0%
No matching quizzes found
Score Distribution
Percent of People with Each Score
Percentile by Number Answered
Your Score History
You have not taken this quiz